000 00612 a2200205 4500
005 20240501162846.0
010 _aB-758838
020 _a8172380046
_c375.00
035 _aB-758838
037 _bGift/Unesco
082 _a628.16
100 _aPrasad, D.
_965404
245 _aEnvironmental Pollution /
_bD. Prasad [and] H.S. Gaur
260 _aNew Delhi
_bVenus Publishing House
_c1992
270 _aNew Delhi
300 _a359 p.;
_c22cm. (Hb)
_bIndex
700 _aGaur, H.S.
_965399
942 _adpl
_cEN
_2ddc
_h628.16
_mENV
999 _c202506
_d202506